<?xml version="1.0" encoding="UTF-8"?>
<record
    xmlns:xsi="http://www.w3.org/2001/XMLSchema-instance"
    xsi:schemaLocation="http://www.loc.gov/MARC21/slim http://www.loc.gov/standards/marcxml/schema/MARC21slim.xsd"
    xmlns="http://www.loc.gov/MARC21/slim">

  <leader>02334njm a2200385Ia 4500</leader>
  <controlfield tag="001">75497</controlfield>
  <controlfield tag="003">IT-RoPAU</controlfield>
  <controlfield tag="005">20220918181123.0</controlfield>
  <controlfield tag="008">131025s9999    xx            000 0 und d</controlfield>
  <datafield tag="040" ind1=" " ind2=" ">
    <subfield code="a">IT-RoPAU</subfield>
  </datafield>
  <datafield tag="040" ind1=" " ind2=" ">
    <subfield code="c">IT-RoPAU</subfield>
  </datafield>
  <datafield tag="041" ind1=" " ind2=" ">
    <subfield code="a">ITALIANO</subfield>
  </datafield>
  <datafield tag="999" ind1=" " ind2=" ">
    <subfield code="c">99963</subfield>
    <subfield code="d">99963</subfield>
  </datafield>
  <datafield tag="999" ind1=" " ind2=" ">
    <subfield code="b">n.d.</subfield>
  </datafield>
  <datafield tag="100" ind1=" " ind2=" ">
    <subfield code="a">AA.VV.</subfield>
    <subfield code="9">794</subfield>
  </datafield>
  <datafield tag="100" ind1=" " ind2=" ">
    <subfield code="e">Autore musica</subfield>
    <subfield code="9">25318</subfield>
  </datafield>
  <datafield tag="100" ind1=" " ind2=" ">
    <subfield code="g">Codice autore musica SPICS: 12000</subfield>
    <subfield code="9">796</subfield>
  </datafield>
  <datafield tag="245" ind1=" " ind2=" ">
    <subfield code="a">Fivelandia 6 (Lp Fm 13619)</subfield>
  </datafield>
  <datafield tag="250" ind1=" " ind2=" ">
    <subfield code="a">1a ed.</subfield>
  </datafield>
  <datafield tag="260" ind1=" " ind2=" ">
    <subfield code="a">MILANO</subfield>
  </datafield>
  <datafield tag="260" ind1=" " ind2=" ">
    <subfield code="b">FIVE RECORD</subfield>
    <subfield code="c">1988 [1a Ed.:1988 - Ed. Lingua Orig.: 1988]</subfield>
  </datafield>
  <datafield tag="300" ind1=" " ind2=" ">
    <subfield code="a">DISCO</subfield>
  </datafield>
  <datafield tag="300" ind1=" " ind2=" ">
    <subfield code="c">49 minuti (Testo: 0 pag.)</subfield>
  </datafield>
  <datafield tag="500" ind1=" " ind2=" ">
    <subfield code="a">Colonna sonora. Sigle televisive di programmi per bambini.</subfield>
  </datafield>
  <datafield tag="505" ind1=" " ind2=" ">
    <subfield code="a">Arriva Cristina (3:00) - Siamo quelli di Beverly Hills (3:00) - Balliamo e cantiamo con Licia (4:00) - Una per tutte, una per una (3:00) - Viaggiamo con Benjamin (4:00) - Hilary (3:00) - Kolby e i suoi piccoli amici (3:00) - Puffi qua e l&#xE0; (4:00) - Bim bum bam siamo qui tutti e tre (4:00) - Palla al centro per Rudy (4:00) - Ciao ciao siamo tutti tuoi amici (4:00) - Prendi il mondo e vai (4:00) - Principessa dei capelli blu (4:00) - Una sirenetta fra noi (4:00)</subfield>
  </datafield>
  <datafield tag="511" ind1=" " ind2=" ">
    <subfield code="a">Paolo, Manuela e Uan; la voce di Uan &#xE8; di Giancarlo Muratori</subfield>
  </datafield>
  <datafield tag="511" ind1=" " ind2=" ">
    <subfield code="a">Debora e Four; la voce di Four &#xE8; di Pietro Ubaldi</subfield>
  </datafield>
  <datafield tag="650" ind1=" " ind2=" ">
    <subfield code="a">SIGLE TV [DISCHI]</subfield>
    <subfield code="e">Codice MATERIA SPICS: 9950</subfield>
    <subfield code="9">25319</subfield>
  </datafield>
  <datafield tag="700" ind1=" " ind2=" ">
    <subfield code="a">D'Avena Cristina</subfield>
    <subfield code="d">Codice interprete SPICS: 24664</subfield>
    <subfield code="e">Interprete</subfield>
    <subfield code="9">25320</subfield>
  </datafield>
  <datafield tag="700" ind1=" " ind2=" ">
    <subfield code="a">Valeri Manera Antonio</subfield>
    <subfield code="d">Codice autore testo/musica SPICS: 18217</subfield>
    <subfield code="e">Autore testo/musica</subfield>
    <subfield code="9">25321</subfield>
  </datafield>
  <datafield tag="700" ind1=" " ind2=" ">
    <subfield code="a">Carucci N.</subfield>
    <subfield code="d">Codice autore musica SPICS: 24632</subfield>
    <subfield code="e">Autore musica</subfield>
    <subfield code="p">Arriva Cristina - Siamo quelli di Beverly Hills - Balliamo e cantiamo con Licia - Una per tutte, una per una - Viaggiamo con Benjamin - Hilary - Kolby e i suoi piccoli amici</subfield>
    <subfield code="9">25322</subfield>
  </datafield>
  <datafield tag="700" ind1=" " ind2=" ">
    <subfield code="a">Draghi E.</subfield>
    <subfield code="d">Codice autore musica SPICS: 24633</subfield>
    <subfield code="e">Autore musica</subfield>
    <subfield code="p">Puffi qua e l&#xE0; - Bim bum bam siamo qui tutti e tre - Palla al centro per Rudy - Ciao ciao siamo tutti tuoi amici - Una sirenetta fra noi</subfield>
    <subfield code="9">25323</subfield>
  </datafield>
  <datafield tag="700" ind1=" " ind2=" ">
    <subfield code="a">Pani Massimiliano</subfield>
    <subfield code="d">Codice autore musica SPICS: 18920</subfield>
    <subfield code="e">Autore musica</subfield>
    <subfield code="p">Prendi il mondo e vai - Principessa dei capelli blu</subfield>
    <subfield code="9">25324</subfield>
  </datafield>
  <datafield tag="700" ind1=" " ind2=" ">
    <subfield code="a">Alinvest</subfield>
    <subfield code="d">Codice autore musica SPICS: 24487</subfield>
    <subfield code="e">Autore musica</subfield>
    <subfield code="p">Una sirenetta fra noi</subfield>
    <subfield code="9">25325</subfield>
  </datafield>
  <datafield tag="942" ind1=" " ind2=" ">
    <subfield code="c">MD</subfield>
    <subfield code="2">ddc</subfield>
  </datafield>
  <datafield tag="952" ind1=" " ind2=" ">
    <subfield code="0">0</subfield>
    <subfield code="1">0</subfield>
    <subfield code="4">0</subfield>
    <subfield code="6">75497_000000000000000</subfield>
    <subfield code="7">1</subfield>
    <subfield code="a">SPICS</subfield>
    <subfield code="b">SPICS</subfield>
    <subfield code="d">2013-10-25</subfield>
    <subfield code="l">0</subfield>
    <subfield code="o">75497</subfield>
    <subfield code="r">2013-10-25 00:00:00</subfield>
    <subfield code="w">2013-10-25</subfield>
    <subfield code="y">MD</subfield>
    <subfield code="z">Progr. Ins.: 18140 / N.Vol.: 1 / Copie: 1 - Copia rara: n.d. / date import: 01.01.2014 - By Epidotti, Trombetti, Vaglietti</subfield>
  </datafield>
</record>
